| 000 | 01230cam a22003377a 4500 | ||
|---|---|---|---|
| 003 | CHAP | ||
| 005 | 20220329141958.0 | ||
| 008 | 981104d1998 mx a r 00110 spa d | ||
| 010 | _a76595 | ||
| 011 | _a77567 | ||
| 035 | _a87176 | ||
| 040 | _cCHAP | ||
| 090 | _aTesis | ||
| 100 | 0 | 0 |
_aLLanos Tapia, Raquelina. _967267 |
| 245 | 1 | 0 |
_aDescripción y usos de la reacción en cadena de la polimerasa (RCP) en fitobacteriología _c/ por Raquelina LLanos Tapia |
| 260 |
_aChapingo, Méx. : _bEl autor, _c1998. |
||
| 300 |
_a51 h. : _bilus. ; cuadros ; anexo |
||
| 502 | _aTesis (Ing. Agr. Esp. en Parasitología Agrícola) -- UACH. Departamento de Parasitología Agrícola | ||
| 590 |
_aALEPH _b10 _c20130110 _lUCH01 _h1426 |
||
| 590 |
_aBATCH-UPD _b10 _c20130110 _lUCH01 _h0622 |
||
| 590 |
_aBATCH-UPD _b10 _c20130410 _lUCH01 _h0305 |
||
| 590 |
_aBATCH-UPD _b10 _c20130914 _lUCH01 _h1641 |
||
| 590 |
_aCONVERSION _b10 _c20130109 _lUCH01 _h1342 |
||
| 650 | 1 | 4 |
_aIngeniería genética. _958228 |
| 650 | 1 | 4 |
_aReacción de cadenas de polimerasa. _994913 |
| 901 | _aBK | ||
| 905 | _aMarco A. Mendoza T. | ||
| 942 | _cFOLL | ||
| 949 |
_bBC _cTES _d33724000590451 _eTS2 _fc.2 _h33005 _i87176 _si |
||
| 949 |
_bBC _cTES _d871761 _eTS1 _h33004 _i87176 _sb |
||
| 999 |
_c76595 _d76595 |
||